| 000 | 01292cam a22002415a 4500 | ||
|---|---|---|---|
| 001 | L160238 | ||
| 008 | 190514s2019 xxk f 000 0 eng d | ||
| 020 | _a9781783213412 | ||
| 035 | _a(Sirsi) u160238 | ||
| 041 | 0 | _aeng | |
| 110 | 2 |
_aRoyal Institution of Chartered Surveyors _94900 |
|
| 245 | 0 | 0 |
_aRICS Valuation Global Standards 2017 Jurisdiction Guide _bAbu Dhabi _h[electronic resource] |
| 260 |
_aLondon, _bRICS, _c2019 |
||
| 490 | 0 | _aRICS Jurisdiction Guide | |
| 490 | 0 | _aRICS Red Book | |
| 520 | _aProvides a general overview of the valuation process in Abu Dhabi aimed at property owners commissioning a valuation and professionals providing advice on the results of a valuation. Includes information on legislation governing the holding and valuation of real estate, ownership structures, lease terms, planning regulations and development control, taxation issues and the application of the RICS Valuation Global Standards 2017 (Red Book) (L159426). | ||
| 650 | 2 | 4 | _aRED BOOK |
| 650 | 2 | 4 | _aGLOBAL VALUATION STANDARDS 2017 |
| 651 | 4 | _aAbu Dhabi | |
| 690 |
_aValuation _96273 |
||
| 856 | 4 | 0 |
_uhttps://www.rics.org/content/dam/ricsglobal/documents/standards/valuation_global_standards_2017_jurisdiction_guide_abu_dhabi_rics.pdf _zAvailable free on RICS.org |
| 942 |
_n0 _2ddc |
||
| 999 |
_c116290 _d116290 |
||